000 00993nam a22002531 4500
005 20090528161459.0
008 721219s1962 nyu 000 0 eng
010 _aENG-93792
020 _c495.00
_a9788131305669
035 _aEN-77325
037 _bDBAD / PUB
040 _adpl
_bEnglish
082 _a371.4
245 _aGuidance and counselling:
_ceditd by Bhaskaracharyulu Yerroju [and] Syam Atluri
_bin shaping the destiny /
260 _aNew Delhi
_bAPH Publishing Corporation
_c2009
270 _a4435-36/7, Ansari Road, Daryaganj,
_bNew Delhi
_e110002
300 _avi, 186p.
_c23cm(Hb)
650 _aEducational counseling
700 _aYerroju, Bhaskaracharyulu
700 _aAtluri, Syam
942 _cEN
_mGUI
_2ddc
_h371.4
999 _c26924
_d26924